Statistiques concernant Finalistes Euro (1960-2020)

Cliquez ici pour prendre le quiz!

Statistiques générales

  • Ce quiz a été pris 213 fois
  • Le résultat moyen est 29 sur 32

Statistiques - réponses

AnnéeScoreFinaliste% Correct
20002 apFrance
100%
19842France
100%
20160 apFrance
100%
20040Portugal
99%
20161 apPortugal
99%
19962Allemagne
98%
19920Allemagne
98%
20080Allemagne
98%
19802Allemagne de l'Ouest
98%
19762 (3)Allemagne de l'Ouest
98%
19723Allemagne de l'Ouest
98%
20001 apItalie
98%
20120Italie
98%
19683Italie
98%
20201 (3)Italie
98%
20201 (2)Angleterre
97%
20124Espagne
97%
19840Espagne
97%
20081Espagne
97%
19642Espagne
97%
20041Grèce
92%
19602 apURSS
92%
19720URSS
92%
19880URSS
92%
19641URSS
92%
19882Pays-Bas
86%
19801Belgique
82%
19922Danemark
80%
19601 apYougoslavie
67%
19681Yougoslavie
67%
19961Tchéquie
57%
19762 (5)Tchécoslovaquie
56%

Distribution des résultats

Percentile par nombre de réponses

% des personnes avec chaque résultat

Votre développement - résultats

Vous n’avez pas pris ce quiz